EXO Quiz - Statistics

General Stats
  • This quiz has been taken 13,997 times
  • The average score is 4 of 12
Answer Stats
Hint Answer % Correct
Guardian Suho
67%
Happy Virus Chanyeol
58%
Kkamjong <3 Kai
44%
Yehet! Sehun
39%
Kkaebsong Baekhyun
38%
Unicorn Lay
25%
Heenjabuja D.O.
24%
Dancing Machine Chen
21%
Baozi Xiumin
18%
Galaxy Kris
17%
Panda Tao
15%
Deer Luhan
12%
No matching quizzes found
Score Distribution
Percent of People with Each Score
Percentile by Number Answered
Your Score History
You have not taken this quiz